| 000 | 00697nam a2200205 a 4500 | ||
|---|---|---|---|
| 005 | 20230511063521.0 | ||
| 008 | 991125s1948 mx 000 0 spa u | ||
| 035 | _aUPN01000005493 | ||
| 049 | _aCG | ||
| 050 | 4 |
_aF1233 _aF5.2 |
|
| 100 | 1 |
_aFlores Magón, Ricardo, _d1873-1922 |
|
| 245 | 1 | 0 |
_aBatalla a la dictadura : _btextos políticos / _cpor Ricardo y Jesús Flores Magón. |
| 260 |
_aMéxico : _bEmpresas Editoriales, _c1948. |
||
| 300 | _a260 p. | ||
| 440 | 3 |
_aEl liberalismo mexicano en pensamiento y en acción ; _v3 |
|
| 651 | 4 |
_aMéxico _xHistoria _yRepública liberal, 1867-1911 _914577 |
|
| 610 | 2 | 4 | _aPARTIDO LIBERAL MEXICANO |
| 700 | 1 |
_aFlores Magón, Jesús, _ecoaut. |
|
| 905 | _aLibro | ||
| 999 |
_c5493 _d5493 |
||